000 00516nam a2200193Ia 4500
999 _c32258
_d32258
003 0100
005 20180301092959.0
008 130303s9999 xx 000 0 und d
040 _cARRUPELIB
050 _aDT828.G77 1972
100 _aGreen, Lawrence George
_939934
245 _aWhen the journey's over:
_ban incorrigible old wanderer's memories of travel in the Cape and far beyond the /
260 _aCape Town
_bTimmins
_c1972
300 _a256p.
300 _b 22cm.
700 _aLawrence George Green
_939935
942 _2lcc
_cMONOGRAPH